000 00284nam a22001217a 4500
040 _cSCME
100 _aMichael J.Moran
_9121598
245 _aPrinciples of engineering thermodynamics
250 _a9thed.
260 _aSingapore
_bWiley
_c2017
300 _a699p.
942 _2ddc
_cBK
999 _c608434
_d608434